000 00533nam a22001697a 4500
999 _c144696
_d144696
010 _aENG-120584
020 _c180.00
_a9789381113653
035 _aEN-104116
037 _bDBAD/PUB
082 _a155.9042
100 _aRavindran, P.C.K.
245 _aTotal quality stress management :
_cby P.C.K. Ravindran
_bsure ways to success /
260 _aHyderabad
_c2012
_bAsia Law House
270 _bHyderabad
_aOpp. I.O.B Bank Street, Kothi,
300 _axi,155p.
_b23cm(pbk).
942 _2ddc
_cEN
_h155.9042
_mRAV